Deep in the swamp / (Record no. 638)

MARC details
000 -LEADER
fixed length control field 01414nam a22003137a 4500
005 - DATE AND TIME OF LATEST TRANSACTION
control field 20230627155204.0
020 ## - INTERNATIONAL STANDARD BOOK NUMBER
International Standard Book Number 9781570915963 (reinforced for library use)
020 ## - INTERNATIONAL STANDARD BOOK NUMBER
International Standard Book Number 9781570915970 (softcover)
040 ## - CATALOGING SOURCE
Original cataloging agency DLC
Transcribing agency DLC
Modifying agency DLC
Language of cataloging eng
050 00 - LIBRARY OF CONGRESS CALL NUMBER
Classification number QL114
Item number .B38 2007
082 00 - DEWEY DECIMAL CLASSIFICATION NUMBER
Classification number 591.76809758/752
Edition number 22
100 1# - MAIN ENTRY--PERSONAL NAME
Personal name Bateman, Donna M.
245 10 - TITLE STATEMENT
Title Deep in the swamp /
Statement of responsibility, etc. Donna M. Bateman ; illustrated by Brian Lies.
250 ## - EDITION STATEMENT
Edition statement First Scholastic printing, April 2008
260 ## - PUBLICATION, DISTRIBUTION, ETC.
Place of publication, distribution, etc. New York :
Name of publisher, distributor, etc. Scholastic,
Date of publication, distribution, etc. 2008.
300 ## - PHYSICAL DESCRIPTION
Extent 30 unnumbered pages :
Other physical details color illustrations, color map ;
Dimensions 23 cm.
505 ## - FORMATTED CONTENTS NOTE
Formatted contents note O <br/>
520 ## - SUMMARY, ETC.
Summary, etc. Count from 1 otter pup to 10 baby crayfish as readers learn about the special relationships of baby and mom mammals, reptiles, birds, and insects that make their home in the Okefenokee Swamp. A helpful guide to swamp flora and fauna is included. Modeled after the song "Over in the Meadow" by Olive A. Wadsworth.
521 ## - TARGET AUDIENCE NOTE
Target audience note 820 <br/>
Source Lexile <br/>
521 ## - TARGET AUDIENCE NOTE
Target audience note O <br/>
Source Raz-Plus <br/>
650 #0 - SUBJECT ADDED ENTRY--TOPICAL TERM
Topical term or geographic name entry element Swamp animals
Geographic subdivision Okefenokee Swamp (Ga. and Fla.)
Form subdivision Juvenile literature.
650 #0 - SUBJECT ADDED ENTRY--TOPICAL TERM
Topical term or geographic name entry element Swamp plants
Geographic subdivision Okefenokee Swamp (Ga. and Fla.)
Form subdivision Juvenile literature.
650 #0 - SUBJECT ADDED ENTRY--TOPICAL TERM
Topical term or geographic name entry element Counting
Form subdivision Juvenile literature.
700 1# - ADDED ENTRY--PERSONAL NAME
Personal name Lies, Brian,
Relator term illustrator.
906 ## - LOCAL DATA ELEMENT F, LDF (RLIN)
a 7
b cbc
c orignew
d 1
e ecip
f 20
g y-gencatlg
942 ## - ADDED ENTRY ELEMENTS (KOHA)
Source of classification or shelving scheme Dewey Decimal Classification
Koha item type Books
Suppress in OPAC No
999 ## -
-- 638
-- 638
Holdings
Withdrawn status Lost status Source of classification or shelving scheme Damaged status Not for loan Collection Home library Current library Shelving location Date acquired Total Checkouts Full call number Barcode Date last seen Price effective from Koha item type
    Dewey Decimal Classification     Fiction Footprints International School Library Network Toul Kork Campus Footprints International School Library Network Toul Kork Campus A TK Campus, 4th Floor, Room B401, Fiction Bookcases (1-6) 06/27/2023   BAT QL114.B38 FISTK02593 06/27/2023 06/27/2023 Books